Normal view
MARC view
- Sturgess, C E N
Entry Personal Name
001 - CONTROL NUMBER
- control field: 7552
003 - CONTROL NUMBER IDENTIFIER
- control field: OSt
005 - DATE AND TIME OF LATEST TRANSACTION
- control field: 20250610114734.0
008 - FIXED-LENGTH DATA ELEMENTS
- fixed length control field: 250610|| aca||aabn | a|a d
040 ## - CATALOGING SOURCE
- Original cataloging agency: OSt
- Transcribing agency: OSt
100 ## - HEADING--PERSONAL NAME
- Personal name: Sturgess, C E N
670 ## - SOURCE DATA FOUND
- Source citation: Work cat.: (OSt)9237: Nash, William A . 7539, Schaum`s outline of theory and problems of strength of materials / , 1977.
